000 00457nam a2200145Ia 4500
008 100122s9999 xx 000 0 und d
082 _b49746
_a954
100 _aहर्षे द स
245 _aकोटी कोटी प्रणाम
260 _bअमोद प्रकाशन
_c1992
300 _a42
630 _aकोटी कोटी प्रणाम
730 _aकोटी कोटी प्रणाम
942 _cBOOK
999 _c427590
_d427587